000 00605nam a2200229 i 4500
001 19377
003 ES-MaACL
005 20230906152101.0
007 t|
008 020802s2002 sp ||||0| spa j
020 _a84-670-0059-7
040 _aM-BN
_bspa
_cM-BN
080 _a821.134.2-31"19"
100 1 _aMartín, Andreu.
_977266
245 1 0 _aJuez y parte /
_cAndreu Martín.
260 _aMadrid :
_bEspasa Calpe,
_c[2002]
300 _a217 p ;
_c22 cm.
490 1 _aEspasa narrativa
830 0 _aEspasa narrativa
_9179733
852 _aES-MaACL
_jL-25817
_bR.131541
999 _c19377
_d19377